State Flag to Largest City - Statistics

General Stats
  • This quiz has been taken 5 times
  • The average score is 20 of 50
Answer Stats
Picture Answer % Correct
Albuquerque
100%
Denver
100%
Houston
100%
Los Angeles
100%
Baltimore
80%
Charleston
80%
Honolulu
80%
Phoenix
80%
Seattle
80%
Anchorage
60%
Birmingham
60%
Columbus
60%
Detroit
60%
Jacksonville
60%
New York City
60%
Atlanta
40%
Charlotte
40%
Cheyenne
40%
Des Moines
40%
Jackson
40%
Louisville
40%
Nashville
40%
New Orleans
40%
Philadelphia
40%
Providence
40%
Salt Lake City
40%
Billings
20%
Boston
20%
Bridgeport
20%
Burlington
20%
Charleston
20%
Chicago
20%
Fargo
20%
Indianapolis
20%
Kansas City
20%
Las Vegas
20%
Little Rock
20%
Milwaukee
20%
Minneapolis
20%
Newark
20%
Oklahoma City
20%
Omaha
20%
Portland
20%
Sioux Falls
20%
Virginia Beach
20%
Wichita
20%
Wilmington
20%
Boise
0%
Manchester
0%
Portland
0%
No matching quizzes found
Score Distribution
Percent of People with Each Score
Percentile by Number Answered
Your Score History
You have not taken this quiz